Catalogue de la Richie Bibliothèque de Josè Maria Andrade (Record no. 7973)
[ view plain ]
| 000 -CABECERA | |
|---|---|
| campo de control de longitud fija | 00950nam a2200265 a 4500 |
| 001 - NÚMERO DE CONTROL | |
| campo de control | BRCA_8305 |
| 005 - FECHA Y HORA DE LA ÚLTIMA TRANSACCIÓN | |
| campo de control | 20190320210223.0 |
| 008 - DATOS DE LONGITUD FIJA--INFORMACIÓN GENERAL | |
| campo de control de longitud fija | 230614s1869----fr-a###f##---#000-0#fre-# |
| 041 ## - CÓDIGO DE LENGUA | |
| Código de lengua del texto/banda sonora o título independiente | fre |
| 044 ## - CÓDIGO DEL PAÍS DE LA ENTIDAD EDITORA/PRODUCTORA | |
| Código MARC del país | fr |
| 050 #4 - SIGNATURA TOPOGRÁFICA DE LA BIBLIOTECA DEL CONGRESO | |
| Número de clasificación | Z997.A5 |
| Número de documento/Ítem | .F73 1869 |
| 100 1# - ENTRADA PRINCIPAL--NOMBRE DE PERSONA | |
| Nombre de persona | Francke, Hermann |
| 9 (RLIN) | 20733 |
| 245 10 - MENCIÓN DE TÍTULO | |
| Título | Catalogue de la Richie Bibliothèque de Josè Maria Andrade |
| Resto del título | livres manuscrits et imprimès, littérature francaise et espagnole, histoire de l´Afrique, de l´Asie et de l´Amérique |
| Mención de responsabilidad, etc. | par Hermann Francke. |
| 260 ## - PUBLICACIÓN, DISTRIBUCIÓN, ETC. | |
| Lugar de publicación, distribución, etc. | Paris |
| Nombre del editor, distribuidor, etc. | Librairie Tross |
| Fecha de publicación, distribución, etc. | 1869 |
| 300 ## - DESCRIPCIÓN FÍSICA | |
| Extensión | 368 p. |
| Dimensiones | 23 cm. |
| 500 ## - NOTA GENERAL | |
| Nota general | Estado físico: lomo y portada rotos sujetados por un lazo |
| 500 ## - NOTA GENERAL | |
| Nota general | S131 |
| 600 14 - PUNTO DE ACCESO ADICIONAL DE MATERIA--NOMBRE DE PERSONA | |
| Nombre de persona | Andrade, Josè Maria |
| Fechas asociadas al nombre | 1807-1883 |
| 9 (RLIN) | 20734 |
| 650 14 - PUNTO DE ACCESO ADICIONAL DE MATERIA--TÉRMINO DE MATERIA | |
| Término de materia o nombre geográfico como elemento de entrada | Bibliotecas |
| Subdivisión de forma | Coleccionistas y colecciones |
| 9 (RLIN) | 20735 |
| 650 14 - PUNTO DE ACCESO ADICIONAL DE MATERIA--TÉRMINO DE MATERIA | |
| Término de materia o nombre geográfico como elemento de entrada | Literatura |
| 9 (RLIN) | 16400 |
| 650 14 - PUNTO DE ACCESO ADICIONAL DE MATERIA--TÉRMINO DE MATERIA | |
| Término de materia o nombre geográfico como elemento de entrada | Continentes |
| Subdivisión de forma | Historia |
| 9 (RLIN) | 20736 |
| 651 #4 - PUNTO DE ACCESO ADICIONAL DE MATERIA--NOMBRE GEOGRÁFICO | |
| Nombre geográfico | México |
| Subdivisión general | Catálogos |
| 9 (RLIN) | 20737 |
| 902 ## - CATALOGADOR | |
| Iniciales | GFM |
| 942 ## - ELEMENTOS DE PUNTO DE ACCESO ADICIONAL (KOHA) | |
| Fuente del sistema de clasificación o colocación | Library of Congress Classification |
| Tipo de ítem Koha | Libros |
| Estado de retiro | Estado de pérdida | Estado dañado | No para préstamo | Localización permanente | Ubicación/localización actual | Fecha de adquisición | Número de inventario | Total de préstamos | Signatura topográfica completa | Código de barras | Fecha visto por última vez | Precio válido a partir de | Tipo de ítem Koha |
|---|---|---|---|---|---|---|---|---|---|---|---|---|---|
| El ejemplar forma parte de la colección y puede ser consultado según las políticas vigentes. | Biblioteca del Museo Franz Mayer (Rogerio Casas-Alatriste) | Biblioteca del Museo Franz Mayer (Rogerio Casas-Alatriste) | 23/06/2014 | S131 | Z997.A5 .F73 1869 (S131) | 8929 | 22/03/2019 | 22/03/2019 | Libros |